| 000 | 00867nam a22001817a 4500 | ||
|---|---|---|---|
| 999 |
_c64037 _d64037 |
||
| 003 | Ge_BSU | ||
| 005 | 20260313161710.0 | ||
| 008 | 260313s1964 ge ||||| |||| 00| 0 geo d | ||
| 041 | _ageo | ||
| 080 | _a330.111.6 გ-95 | ||
| 100 |
_aგუნია, ავთანდილ _927112 |
||
| 245 |
_aკომუნისტურ წარმოებრივ ურთიერთობათა მატერიალური საფუძველი / _c ავთანდილ გუნია. |
||
| 264 |
_aთბილისი : _bმეცნიერება, _c1964. |
||
| 300 |
_a83 გვ. ; _b21 სმ. |
||
| 490 | _aმეცნიერულ-პოპულარული სერია | ||
| 653 | _aკომუნისტური წარმოებითი ურთიერთობები | ||
| 942 |
_2udc _cᲬᲘᲒᲜᲘ |
||